| 000 | 00998nam a2200289 i 4500 | ||
|---|---|---|---|
| 001 | bg | ||
| 003 | BPK | ||
| 005 | 20220915080149.0 | ||
| 008 | s2006 pl f f |000 0 pol | ||
| 020 | _a8301148373 | ||
| 040 | _cBPK | ||
| 080 | _a339.138 | ||
| 080 | _a(07) | ||
| 245 | 0 | 0 |
_aKompendium wiedzy o marketingu / _cred. nauk. Bogna Pilarczyk, Henryk Mruk ; aut. Ewa Jerzyk [et al.]. |
| 260 |
_aWarszawa : _bWydawnictwo Naukowe PWN, _c2006. |
||
| 300 |
_a356 s. ; _c21 cm. |
||
| 504 | _aIndeks. | ||
| 650 | 4 | _aMarketing | |
| 655 | _aPodręcznik | ||
| 700 | 1 | _aJerzyk, Ewa. | |
| 710 | 4 |
_aWydawnictwo Naukowe PWN _4pbl. |
|
| 700 | 1 |
_aPilarczyk, Bogna _d(1948- ) _eRedakcja |
|
| 700 | 1 |
_aMruk, Henryk _d(1948- ) _eRedakcja |
|
| 942 |
_cKS _2UKD |
||
| 856 |
_uhttp://koha.tu.koszalin.pl/cgi-bin/koha/opac-detail.pl?biblionumber=52214 _yKatalog online BPK |
||
| 999 |
_c52214 _d52214 |
||